|
|
|
|
| LEADER |
00000nab a2200000 a 4500 |
| 001 |
vtls000928615 |
| 003 |
SK-MaSNL |
| 005 |
20260303033031.0 |
| 008 |
040720e20030131xo 0 slo |
| 035 |
|
|
|a KE37492
|
| 040 |
|
|
|a KEVKJB
|b slo
|c KEVKJB
|e AACR2
|
| 041 |
0 |
|
|a slo
|
| 044 |
|
|
|a xo
|c SK
|
| 080 |
|
|
|a 325.254-053.5
|2 1981
|
| 080 |
|
|
|a 362.7
|2 1981
|
| 100 |
1 |
|
|a Bálint, Tomáš
|4 aut
|9 877309
|
| 245 |
1 |
0 |
|a V Detskom domove v Košickej Novej Vsi sú tri afgánske deti, ktoré sú na strastiplnej ceste už desať mesiacov
|
| 300 |
|
|
|b 6 obr.
|
| 610 |
2 |
7 |
|a Detský domov (Košice-Košická Nová Ves, Slovensko)
|2 KEVKJB
|9 30279
|
| 650 |
0 |
7 |
|a utečenci
|2 KEVKJB
|9 993
|
| 650 |
0 |
7 |
|a reportáže
|2 KEVKJB
|9 75670
|
| 651 |
|
7 |
|a Košická Nová Ves (Košice III, Slovensko)
|2 KEVKJB
|9 29677
|
| 651 |
|
7 |
|a Košice (Slovensko)
|2 KEVKJB
|9 18694
|
| 651 |
|
7 |
|a KE,
|2 KEVKJB
|9 877256
|
| 655 |
|
7 |
|a periodikum
|2 snkbucl
|9 29553
|
| 710 |
2 |
|
|a Detský domov (Košice - Košická Nová Ves, Slovensko)
|4 aut
|9 881264
|
| 773 |
0 |
8 |
|t Košický večer
|g Roč. 14
|g Roč. 35, 31.1.2003, s. 3
|
| 773 |
0 |
8 |
|i Príl.:
|t Magazín. - Roč. 8, č. 5 (2003)
|
| 852 |
|
|
|a ZVYKNI
|b KIS3GCP
|
| 999 |
|
|
|c 1668331
|d 1670261
|